Poesías de Pablo Garriga: Precedidas de un juicio crítico del Sr. F. Vargas Fontecilla i de un prólogo de D. Benjamín V. Mackenna
保存先:
| 第一著者: | |
|---|---|
| フォーマット: | 図書 |
| 言語: | スペイン語 |
| 出版事項: |
Valparaíso
Imprenta del progreso, Antigua sección de Obras i Encuadernación del Mercurio
1882
|
| 版: | 1a. ed |
| 主題: | |
| タグ: |
タグ追加
タグなし, このレコードへの初めてのタグを付けませんか!
|
MARC
| LEADER | 00000nam a2200000 a 4500 | ||
|---|---|---|---|
| 001 | UCJ4933 | ||
| 003 | CL-VaPUC | ||
| 008 | 070124e18820000CL |||||||||||||||||spa|d | ||
| 082 | 0 | 4 | |a Ch861 |b GAR |2 21 |
| 100 | |a Garriga, Pablo |e author |9 611110 | ||
| 245 | 1 | 0 | |a Poesías de Pablo Garriga: Precedidas de un juicio crítico del Sr. F. Vargas Fontecilla i de un prólogo de D. Benjamín V. Mackenna |
| 250 | |a 1a. ed | ||
| 300 | |a pág. irreg | ||
| 942 | |c BK | ||
| 945 | |d 20070124 00:00:00 |a rinostro | ||
| 260 | |a Valparaíso |b Imprenta del progreso, Antigua sección de Obras i Encuadernación del Mercurio |c 1882 | ||
| 600 | 0 | |a Vicuña Mackenna, Benjamín, |d 1831-1886 |x Político e historiador |z Chile |9 374 | |
| 600 | 0 | 7 | |a VARGAS FONTECILLA, F. |2 CL-VaPUC |9 509496 |
| 650 | 0 | |a Poesía chilena |9 268403 | |
| 650 | 0 | |a Crítica literaria |9 269189 | |
| 583 | |a last modification |c 20070124 00:00:00 |k Rodrigo Vera | ||
| 999 | |c 321048 |d 321046 | ||
| 952 | |0 0 |1 0 |4 0 |6 CH_861_000000000000000_GAR_1882 |7 0 |8 X |9 399706 |a FDOBUD |b FDOBUD |d 2019-11-22 |i 1027921 |o Ch861 GAR 1882 |p 1027921 |r 2019-11-22 |w 2019-11-22 |y BK_X |k BUD | ||